| 000 | 00513nam a22001697a 4500 | ||
|---|---|---|---|
| 003 | MACL | ||
| 005 | 20160324172813.0 | ||
| 008 | 160324b xxu||||| |||| 00| 0 eng d | ||
| 040 | _cMACL | ||
| 041 | _aHindi | ||
| 082 | _a200 | ||
| 100 |
_aडॉ प्रमोद कुमार अग्रवाल _948492 |
||
| 245 | _aभगवदगीता | ||
| 260 |
_aझॉसी _bपीताम्बरा बुक्स लिमिटेड _c2005 |
||
| 650 |
_aReligion _948493 |
||
| 942 |
_2ddc _cHIN |
||
| 999 |
_c53620 _d53620 |
||